000 00514nam a22002057a 4500
005 20251108173352.0
008 250721s1997 xx 000 0 eng d
020 _a710509715
082 1 4 _aJ/ 372.5
245 1 0 _aPonds and Aquariums /
264 1 _abridlington :
_bpeter haddock,
_c1997.
300 _a68 p.
490 0 _alet,s invesigate
_v7
650 1 7 _aPONDS
650 1 7 _aEDUCATION
650 1 7 _aACIVITIES
653 _aناشئون صغار (10-14 سنة)
942 _2ddc
_cBK
999 _c102298
_d102298